| 000 | 00914nam a22002657a 4500 | ||
|---|---|---|---|
| 001 | 182 | ||
| 003 | FISKH | ||
| 005 | 20230309151345.0 | ||
| 008 | 230302b cb ||||| |||| 00| 0 eng d | ||
| 020 | _a0590135899 | ||
| 040 |
_aDLC _cDLC _beng _dFISKH |
||
| 050 | 0 | 0 | _aPZ8.S399 |
| 082 | _a398.25 | ||
| 100 | 1 |
_aSchwartz, Alvin, _d1927- |
|
| 245 | 1 | 0 |
_aScary stories 3 / _bmore tales to chill your bones / _ccollected from folklore and retold by Alvin Schwartz ; Drawings by Stephen Gammell |
| 260 |
_aNew York _bScholastic _c1991 |
||
| 300 |
_a115 p. : _bill. _c20 cm. |
||
| 505 | _aM | ||
| 520 | _aFeatures twenty-five chilling tales of prophetic dreams, feral children raised by wild animals, swamp creatures, and other terrifying phenomena. | ||
| 521 | 8 |
_a680
_bLexile |
|
| 521 | 8 |
_aM _bRaz-Plus |
|
| 700 | 1 |
_aHelquist, Brett, _eill. |
|
| 906 |
_a7 _bcbc _corignew _d4 _eepcn _f20 _gy-gencatlg |
||
| 942 |
_2ddc _cBK _n0 |
||
| 999 |
_c182 _d182 |
||